Wszystkie skiny do Five-Seven w CS:GO - Statystyki

Ogólne statystyki
  • Ten quiz został rozwiązany 22 razy
  • Średni wynik to 9 z 30
Statystyki odpowiedzi
Rodzaj (Kolor) Skin % Poprawnych
Różowy Monkey Business
75%
Niebieski Capillary
63%
Czerwony Hyper Beast
63%
Niebieski Candy Apple
50%
Niebieski Kami
50%
Fioletowy Case Hardened
38%
Niebieski Contractor
38%
Niebieski Jungle
38%
Niebieski Nightshade
38%
Niebieski Orange Peel
38%
Niebieski Scumbria
38%
Niebieski Urban Hazard
38%
Niebieski Violent Daimyo
38%
Czerwony Angry Mob
25%
Niebieski Anodized Gunmetal
25%
Fioletowy Buddy
25%
Niebieski Forest Night
25%
Różowy Fowl Play
25%
Niebieski Hot Shot
25%
Fioletowy Neon Kimono
25%
Niebieski Nitro
25%
Fioletowy Retrobution
25%
Niebieski Silver Quartz
25%
Fioletowy Triumvirate
25%
Fioletowy Berries And Cherries
13%
Niebieski Coolant
13%
Fioletowy Copper Galaxy
13%
Różowy Fairy Tale
13%
Niebieski Flame Test
13%
Niebieski Crimson Blossom
0%
Nie znaleziono quizów pasujących do podanych kryteriów
Rozkład punktacji
Procent ludzi z każdym wynikiem
Percentyl według liczby udzielonych odpowiedzi
Twoja historia wyników
Nie rozwiązałeś tego quizu